| 000 | 00563cam a22002053a 4500 | ||
|---|---|---|---|
| 001 | 44236 | ||
| 003 | PGUSA | ||
| 005 | 20140828084017.0 | ||
| 008 | 131120s2013||||xxu|||||s|||||000 | eng d | ||
| 040 |
_aPGUSA _beng |
||
| 042 | _adc | ||
| 100 | 1 |
_aBazin, René, _d1853-1932 |
|
| 245 | 1 | 0 |
_aLa Sarcelle Bleue _h[electronic resource] / _cRené Bazin |
| 260 |
_bProject Gutenberg, _c2013 |
||
| 506 | _aPublic domain in the USA. | ||
| 516 | _aElectronic text | ||
| 830 | 0 |
_aProject Gutenberg _v44236 |
|
| 856 | 4 | 0 | _uhttp://www.gutenberg.org/ebooks/44236 |
| 942 | _cEB | ||
| 999 |
_c273487 _d273487 |
||